| 000 | 00684nam a2200229 a 4500 | ||
|---|---|---|---|
| 999 |
_c962 _d962 |
||
| 001 | 962 | ||
| 003 | BD-JhCC | ||
| 005 | 20190418134016.0 | ||
| 008 | 171012s2006 bg |||| ||a| 000 0 ben d | ||
| 020 | _a9844104688 | ||
| 035 | _a(BD-JhCC)962 | ||
| 040 |
_aBD-JhCC _dBD-JhCC |
||
| 041 | _aben | ||
| 082 |
_a891.4435 _bMUN 2006 |
||
| 100 | _aমুন্নী, শাহনাজ | ||
| 245 |
_aমাটির ট্রানজিস্টার / _cশাহনাজ মুন্নী |
||
| 260 |
_aঢাকা : _bমাওলা ব্রাদার্স, _c2006. |
||
| 300 |
_a126 p. : _c22 cm. |
||
| 650 | _aShort stories, Bengali | ||
| 942 |
_2ddc _cBK _01 |
||